Estadísticas para Capitales mundiales por letra - C

Haz click aquí para intentar la prueba.

Estadísticas generales

  • Esta prueba ha sido intentada 3.323 veces
    (3.176 desde el último reinicio)
  • La puntuación promedio es 7 de 11

Estadísticas de respuestas

PaísCiudad capital% Correcto
VenezuelaCaracas
94%
AustraliaCanberra
82%
MéxicoCiudad de México
69%
DinamarcaCopenhague
68%
MoldaviaChișinău
60%
GuatemalaCiudad de Guatemala
56%
PanamáCiudad de Panamá
54%
St. LuciaCastries
52%
Ciudad del VaticanoCiudad del Vaticano
51%
SudáfricaCiudad del Cabo
47%
GuineaConakri
43%

Distribución de puntuación

Porcentaje por número respondido

Porcentaje de gente con cada puntuación

Historial de tus puntuaciones

No has intentado esta prueba desde el último reinicio